Detalles MARC
| 000 -CABECERA |
| Longitud fija campo de control |
01367cam a2200361 a 4500 |
| 003 - • IDENTIFICADOR DELl NÚMERO DE CONTROL |
| Identificador del número de control |
CO-BoRNBP |
| 005 - • FECHA Y HORA DE LA ÚLTIMA TRANSACCIÓN |
| Fecha y hora de la última transacción |
20250704143405.0 |
| 007 - • CAMPO FIJO DE DESCRIPCIÓN FÍSICA |
| Campo fijo de descripción física |
ta |
| 008 - • CÓDIGOS DE INFORMACIÓN DE LONGITUD FIJA |
| Códigos de información de longitud fija |
890706s1982 sp r 00010 spa d |
| 040 ## - FUENTE DE LA CATALOGACIÓN |
| Centro catalogador de origen |
CO-BoBLA |
| Lengua de catalogación |
spa |
| Centro transcriptor |
CO-BoBLA |
| 082 04 - • NÚMERO DE LA CLASIFICACIÓN DECIMAL DEWEY |
| Número de clasificación (R) |
301.417633 |
| Número del ítem |
H47i1 |
| 084 ## - • Clasificación Local Alfanúmerica PNLB |
| Número de clasificación |
res00341 |
| 100 1# - • PUNTO DE ACCESO PRINCIPAL-NOMBRE DE PERSONA |
| Nombre de persona |
Hite, Shere. |
| 245 13 - • TITULO PROPIAMENTE DICHO |
| Título |
El informe Hite: |
| Resto del título |
estudio de la sexualidad femenina / |
| Mención de responsabilidad, etc. |
Shere Hite ; traducción de Jaime Tomas ; edición revisada por Carmen Grau. |
| 250 ## - • MENCIÓN DE EDICIÓN |
| Mención de edición |
1. edicion |
| Resto de la mención de edición |
No abreviada |
| 264 ## - PRODUCCIÓN, PUBLICACIÓN , DISTRIBUCIÓN, FABRICACIÓN Y COPYRIGHT |
| Lugar de producción, publicación, distribución, fabricación |
Colombia |
| Nombre del productor, editor, distribuidor, fabricante |
Plaza janes |
| Fecha de de producción, publicación, distribución, fabricación o copyright |
1976 |
| 300 ## - • DESCRIPCIÓN FÍSICA |
| Extensión |
663 p. ; |
| Dimensiones |
18 cm. |
| 336 ## - TIPO DE CONTENIDO |
| Fuente |
rdacontent |
| Término de tipo de contenido |
texto |
| Código de tipo de contenido |
txt |
| 337 ## - TIPO DE MEDIO |
| Fuente |
rdamedia |
| Nombre del tipo de medio |
sin mediación |
| Código del tipo de medio |
n |
| 338 ## - TIPO DE SOPORTE |
| Fuente |
rdacarrier |
| Nombre del tipo de soporte |
volumen |
| Código del tipo de soporte |
nc |
| 500 ## - • NOTA GENERAL |
| Nota general |
1. Masturbacion 2.El orgasmo 3. Coito 4. Estimulacion del clitoris. 5 Lesbianismo. 6Esclavitud sexual-.7 La revolucion sexual. 8 Hacia una nueva sexualidad femenina. |
| 504 ## - • NOTA DE BIBLIOGRAFÍA, ETC |
| Nota de bibliografía, etc. |
Bibliografía : p. 661-663. |
| 534 ## - • Nota De Versión Original |
| Título |
The Hite report. |
| 650 #7 - • PUNTO DE ACCESO ADICIONAL DE MATERIA - TÉRMINO DE MATERIA |
| Término de materia o nombre geográfico como elemento inicial |
Conducta sexual femenina. |
| Fuente del encabezamiento o término |
BLAAUTO |
| 650 #7 - • PUNTO DE ACCESO ADICIONAL DE MATERIA - TÉRMINO DE MATERIA |
| Término de materia o nombre geográfico como elemento inicial |
Costumbres sexuales |
| Subdivisión geográfica |
Estados Unidos. |
| Fuente del encabezamiento o término |
BLAAUTO |
| 650 #7 - • PUNTO DE ACCESO ADICIONAL DE MATERIA - TÉRMINO DE MATERIA |
| Término de materia o nombre geográfico como elemento inicial |
Sexo |
| Subdivisión de materia general |
Investigaciones. |
| Fuente del encabezamiento o término |
BLAAUTO |
| 700 1# - • PUNTO DE ACCESO ADICIONAL - NOMBRE DE PERSONA |
| Nombre de persona |
Tomas, Jaime, |
| Término indicativo de función |
traducción |
| 700 1# - • PUNTO DE ACCESO ADICIONAL - NOMBRE DE PERSONA |
| Nombre de persona |
Grau, Carmen, |
| Término indicativo de función |
revisor |
| 830 #0 - • PUNTO DE ACCESO ADICIONAL DE SERIE - TÍTULO UNIFORME |
| Título uniforme |
Jorge Ortega Torres-Colección |
| 942 ## - ENTRADA DE ELEMENTOS AGREGADOS (KOHA) |
| Fuente de clasificaión o esquema |
Dewey Decimal Classification |
| Koha [por defecto] tipo de item |
LIbro |
| 949 ## - TRATAMIENTO DE LA INFORMACIÓN LOCAL (OCLC) |
| a |
n |
| b |
n |